Central Library OPAC University of Rajshahi

Natural history drawings in the India Office Library : (Record no. 11447)

MARC details
000 -LEADER
fixed length control field 00997nam a22002771 4500
001 - CONTROL NUMBER
control field 11447
003 - CONTROL NUMBER IDENTIFIER
rucl marc code BD-RjUL
005 - DATE AND TIME OF LATEST TRANSACTION
control field 20211208235128.0
008 - FIXED-LENGTH DATA ELEMENTS--GENERAL INFORMATION
fixed length control field 140126s1962 enkf bc f001 0 eng
035 ## - SYSTEM CONTROL NUMBER
System control number (BD-RjUL)11496
040 ## - CATALOGING SOURCE
Original cataloging agency DLC/ICU
Transcribing agency ICU
Modifying agency DLC
-- BD-RjUL
Language of cataloging eng
041 ## - LANGUAGE CODE
Language code of text/sound track or separate title eng
082 00 - DEWEY DECIMAL CLASSIFICATION NUMBER
Classification number 743.932
Author mark and year ARN 1962
100 ## - MAIN ENTRY--PERSONAL NAME
Personal name Archer, Mildred.
9 (RLIN) 35385
245 10 - TITLE STATEMENT
Title Natural history drawings in the India Office Library :
Remainder of title [catalogue] /
Statement of responsibility, etc. Mildred Archer.
260 ## - PUBLICATION, DISTRIBUTION, ETC. (IMPRINT)
Place of publication, distribution, etc. London :
Name of publisher, distributor, etc. Published for the Commonwealth Relations Office by H.M. Stationery Off.,
Date of publication, distribution, etc. c1962.
300 ## - PHYSICAL DESCRIPTION
Pagination ix, 116 p. :
Illustrations 25 plates (part col.) ;
Size 24 cm.
500 ## - GENERAL NOTE
General note Stamped on t.p.: Agents in America: British Information Services, New York.
504 ## - BIBLIOGRAPHY, ETC. NOTE
Bibliography, etc Bibliography: p. 103-108. and index.
650 #0 - SUBJECT ADDED ENTRY--TOPICAL TERM
Topical term or geographic name as entry element Drawing, Indic
General subdivision Catalogs.
9 (RLIN) 35386
Topical term or geographic name as entry element Drawing
General subdivision Catalogs.
9 (RLIN) 35387
Topical term or geographic name as entry element Natural history
Geographic subdivision Asia
General subdivision Pictorial works.
9 (RLIN) 35388
942 ## - ADDED ENTRY ELEMENTS (KOHA)
Source of classification or shelving scheme Dewey Decimal Classification
Koha item type Books
Holdings
Lost status Source of classification or shelving scheme Damaged status Not for loan Collection code Permanent Location Current Location Shelving location Date acquired Source of acquisition Cost, normal purchase price Total Checkouts Full call number Date last seen Copy number Koha item type
  Dewey Decimal Classification   Not For Loan Non-fiction Central Library, University of Rajshahi Central Library, University of Rajshahi Reading Room 02/08/1979 Dept. of Arabic 100.00   743.932 ARN 1962 26/01/2014 C-1 Books